Osman Hamdi Bey (Record no. 7053)

MARC details
000 -BAŞLIK
Sabit Uzunlukta Kontrol Alanı 00825na a2200277 4500
001 - KONTROL NUMARASI
Denetim Alanı 23449
003 - KONTROL NUMARASI IDENTIFIER
Denetim Alanı MIRAKIL
005 - SON İŞLEM TARİHİ VE ZAMANI
Denetim Alanı 20181213155126.0
008 - SABİT-BOY VERİ ELEMANLARI - GENEL BİLGİLER
Sabit Uzunlukta Kontrol Alanı 170929b tu 000 0
020 ## - ULUSLARARASI STANDART KİTAP NUMARASI
Uluslararası Standart Kitap Numarası 9789759420192
040 ## - KATALOGLAMA KAYNAK
Orijinal Kataloglama Ajansı Milas
Kataloglama Dili tur
Metne Dönüştürmek Ajansı TR-AnCHP
041 ## - DİL KODU
Metin / Ses Parça Veya Ayrı Başlığın Dil Kodu tur
082 ## - DEWEY ONLU SINIFLANDIRMA NUMARASI
Sınıflandırma Numarası 927 Osman,H.
Ürün Numarası E23o 2015
090 ## - SINIFLAMA NUMARASI
Sınıflama Numarası 927 Osman,H. E23o 2015
100 ## - ANA GİRİŞ - KİŞİSEL İSİM
Kişisel Ad Eldem, Edhem
245 ## - BAŞLIK TABLOSU
Başlık Osman Hamdi Bey
Başlığın Kalan İzlenimler 1869-1885
Sorumluluk Tablosu, Vb Edhem Eldem
246 ## - UNVAN FORM VARYING
Başlık Doğru / Kısa Başlığı İzlenimler 1869-1885
260 ## - YAYIN, DAĞITIM, VB
Yayın, Dağıtım, Vb Yeri Ankara
Yayıncı, Dağıtıcı, Vs Adı Doğan Kitap
Yayın, Dağıtım, Vb Tarihi 2015
300 ## - FİZİKSEL TANIM
Kapsam 463 s.
Diğer Fiziksel Ayrıntıları fotğ.; çiz.
Boyutlar 23 sm.
504 ## - KAYNAKÇA VB NOT
Kaynakça Vb Notu Dizin var.
600 ## - KONU KATMA GİRİŞ - KURUMSAL ADI
Kişisel Ad Osman Hamdi Bey
Bir Adıyla İlişkilendirilen Tarihler 1842-1910
Genel Alt Bölümü Yaşamöyküsü
650 ## - KONU KATMA GİRİŞ - TOPİKAL DÖNEM
Topikal Süreli Veya Coğrafi Ad Giriş Elemanı Ressamlar
Genel Alt Bölümü Yaşamöyküsü
Coğrafi Alt Bölümü Türkiye
650 ## - KONU KATMA GİRİŞ - TOPİKAL DÖNEM
Topikal Süreli Veya Coğrafi Ad Giriş Elemanı Resim sanatı
Genel Alt Bölümü Osman Hamdi Bey
Coğrafi Alt Bölümü Türkiye
740 ## - KATMA GİRİŞ - KONTROLSUZ İLGİLİ / ANALİTİK BAŞLIK
Kontrol Edilmeyen / İlgili Analitik Başlıktaki İzlenimler 1869-1885
942 ## - EKLENDİ GİRİŞ ELEMANLARI (KOHA)
Sınıflandırma Veya Raf Düzeni Kaynak Dewey Decimal Classification
Koha Öğesi Türü Books
999 ## - SİSTEM KONTROL NUMARALARI (KOHA)
Koha Biblionumber 7053
Koha Biblioitemnumber 7053
Holdings
Kalıcı Konum Mevcut Konum Edinme Tarihi Edinim Kaynak Toplam Check-Out'Lar Tam Çağrı Numarası Barkod Tarih Son Görülme İtibaren Geçerli Fiyatlar Koha Öğesi Türü
CHP Kütüphanesi CHP Kütüphanesi 09/29/2017 Bağış   927 Osman,H. E23o 2015 017432 09/29/2017 09/29/2017 Books